000 00617nam a22002057a 4500
003 BUBTL
008 200824b xxu||||| |||| 00| 0 eng d
020 _a9788126536009
082 _a332.6/ D186i/ 2012
100 _aDamodaran, Aswath
_93361
245 _aInvestment Valuation : Tools and Techniques for Determining the Value of Any Asset /
_bAswath Damodaran
250 _a3rd
260 _aNew Delhi
_bWiley
_cc2012
300 _a[xv], 974p. :
_bill. ; 24cm.
500 _aIncludes Index
650 _aFinance
_93362
856 _k0
_l0
_yDownload
942 _2ddc
_cBK
999 _c6333
_d6333